Trading partners of St Helena Quiz Stats

 Plays Quiz not verified by Sporcle

Score 0/20 Timer 04:00
0 Plays Today
Hint Country % Correct
ExportsUSA
95%
ImportsUSA
95%
ExportsUK
93.8%
ImportsUK
93.8%
ExportsSouth Africa
87.5%
ImportsSouth Africa
87.5%
ImportsFrance
87.5%
ImportsIndia
72.5%
ExportsJapan
68.8%
ExportsAustralia
68.8%
Hint Country % Correct
ImportsAustralia
68.8%
ImportsNetherlands
65%
ExportsMexico
63.8%
ExportsSweden
48.8%
ImportsGreece
37.5%
ImportsAustria
32.5%
ExportsBahrain
12.5%
ExportsSudan
11.3%
ExportsSlovenia
10%
ImportsMalawi
6.3%

You're not logged in!

Compare scores with friends on all Sporcle quizzes.
OR
Log In

Show Comments

Extras

Top Quizzes Today


Score Distribution

Your Account Isn't Verified!

In order to create a playlist on Sporcle, you need to verify the email address you used during registration. Go to your Sporcle Settings to finish the process.

Report this User

Report this user for behavior that violates our Community Guidelines.

Details: